[Event "World Youth U16 Ol"]
[Site "Kocaeli TUR"]
[Date "2011.10.31"]
[Round "10.11"]
[White "Guney,Gamze Nur"]
[Black "Oberholzer,Francois"]
[Result "0-1"]
[WhiteElo "1709"]
[BlackElo "1729"]

1.d4 Nf6 2.Nf3 e6 3.c4 b6 4.Nc3 Bb4 5.Qc2 Bb7 6.Bd2 O-O 7.e3 d5 8.Bd3 Nbd7
9.a3 Be7 10.cxd5 exd5 11.O-O c5 12.b3 Rc8 13.Qb1 Re8 14.Re1 Bf8 15.e4 cxd4
16.Nxd4 Bc5 17.Nf5 dxe4 18.Nxe4 Nxe4 19.Bxe4 Rxe4 20.Rxe4 Bxe4 21.Qxe4 Nf6
22.Qe2 Qd5 23.g4 Qxb3 24.Bb4 Re8 25.Qb5 Re4 26.Qc6 Qf3 27.Bxc5 Rxg4+ 28.Ng3 Qxc6  0-1

[Event "1st Panama Open"]
[Site "Panama City PAN"]
[Date "2011.11.07"]
[Round "9.22"]
[White "Uribe,M"]
[Black "Ramos,Ef"]
[Result "1-0"]
[WhiteElo "2348"]
[BlackElo "2162"]

1.d4 Nf6 2.Nf3 e6 3.c4 b6 4.Nc3 Bb4 5.Bg5 h6 6.Bh4 g5 7.Bg3 Bb7 8.Nd2 c5
9.d5 exd5 10.cxd5 d6 11.e4 Qe7 12.Bb5+ Nbd7 13.O-O Bxc3 14.bxc3 a6 15.Bxd7+ Nxd7
16.Nc4 Ne5 17.Nxb6 Rd8 18.Bxe5 Qxe5 19.Qa4+ Ke7 20.Nc4 Qxc3 21.Rac1 Qf6 22.Rb1 Bc8
23.Rb6 Kf8 24.Qc6 Kg7 25.Nxd6 Qd4 26.Qc7 Rhf8 27.Rb8 Qf6 28.Nxc8 Kh7 29.Rb6  1-0

[Event "3rd Pilsen Open"]
[Site "Plzen CZE"]
[Date "2011.11.22"]
[Round "5"]
[White "Cherednichenko,S"]
[Black "Rigopoulos Tsigkos,A"]
[Result "1-0"]
[WhiteElo "2261"]
[BlackElo "2066"]

1.d4 Nf6 2.c4 e6 3.Nf3 b6 4.Nc3 Bb7 5.e3 Ne4 6.Bd3 Bb4 7.Qc2 Bxc3+ 8.bxc3 f5
9.O-O O-O 10.Ne1 d6 11.f3 Nf6 12.e4 fxe4 13.fxe4 Nbd7 14.Bg5 e5 15.Nf3 Qe8
16.Rae1 Qg6 17.Bc1 Nh5 18.Nh4 Rxf1+ 19.Rxf1 Qe6 20.Nf5 Rf8 21.g4 Nhf6 22.d5 Qe8
23.Qe2 Nc5 24.Bc2 Ba6 25.g5 Nfd7 26.Rf3 g6 27.Nh6+ Kg7 28.Rh3 Kh8 29.Rg3 Bc8
30.h4 a6 31.Bd1 b5 32.cxb5 axb5 33.Qg2 Nb6 34.Be2 Nc4 35.Qh1 c6 36.dxc6 Qxc6
37.Rf3 Qe8 38.Rf6 Bb7 39.Bf3 Nd3 40.Kh2 d5 41.Bg4 dxe4 42.Qf1 Kg7 43.Bd7 Qe7
44.Bxb5 Nxc1 45.Qxc4 e3 46.Rxf8 Qxf8 47.Qc7+  1-0

[Event "21st World Seniors"]
[Site "Rijeka CRO"]
[Date "2011.11.26"]
[Round "11.7"]
[White "Karasev,Vl"]
[Black "Balashov,Y"]
[Result "0-1"]
[WhiteElo "2377"]
[BlackElo "2443"]

1.d4 Nf6 2.c4 e6 3.Nf3 b6 4.Nc3 Bb7 5.a3 g6 6.d5 Bg7 7.e4 d6 8.Be2 O-O 9.O-O Nbd7
10.Rb1 Re8 11.Qc2 exd5 12.cxd5 c6 13.dxc6 Bxc6 14.Nd2 d5 15.exd5 Nxd5 16.Nxd5 Bxd5
17.Bf3 Ne5 18.Bxd5 Qxd5 19.Ne4 Rac8 20.Nc3 Qd3 21.Qa4 Nc4 22.Bf4 Nxb2 23.Rxb2 Bxc3
24.Qb5 Qe4 25.Rb3 a6 26.Qd7 Qc4 27.Rxc3 Qxc3 28.Be3 Qc6 29.Qd3 b5 30.h3 Rcd8
31.Qb3 Qd5 32.Qb4 Re4 33.Qa5 Ra4 34.Qc3 Rc4 35.Qb2 Re8 36.Bh6 Qd4 37.Qb1 Qc3
38.Qd1 Rd4 39.Qc1 Qxc1 40.Rxc1 Rh4 41.Be3 Rc4 42.Ra1 h5 43.Kf1 f6 44.Rd1 Kf7
45.Rd6 Re6 46.Rd7+ Ke8 47.Rg7 g5 48.Rh7 h4 49.Rh8+ Kf7 50.Rh7+ Kg6 51.Rb7 f5
52.Rd7 f4 53.Bd2 Rcc6  0-1

[Event "TCh-SVK Extraliga 2011-12"]
[Site "Slovakia SVK"]
[Date "2011.11.26"]
[Round "3"]
[White "Stocek,J"]
[Black "Petrik,T"]
[Result "1-0"]
[WhiteElo "2600"]
[BlackElo "2522"]

1.d4 e6 2.Nf3 Nf6 3.c4 b6 4.Nc3 Bb7 5.Bg5 Be7 6.Qc2 c5 7.dxc5 bxc5 8.e3 O-O
9.Be2 d6 10.O-O h6 11.Bh4 Nbd7 12.Rad1 Qb6 13.Rd2 a6 14.Rfd1 Rfd8 15.h3 Rac8
16.Bg3 Ne8 17.Ne1 Ndf6 18.Bf3 Bxf3 19.Nxf3 Qb4 20.b3 Qb7 21.e4 Nd7 22.e5 Nxe5
23.Nxe5 dxe5 24.Bxe5 Nf6 25.Bd6 h5 26.Rd3 Ne8 27.Be5 Rxd3 28.Rxd3 Rd8 29.Rxd8 Bxd8
30.Qd1 Bf6 31.Qxh5 Qb4 32.Bxf6 Nxf6 33.Qe5 Qa3 34.Qe3 Qb2 35.g3 Qc2 36.Kg2 Kh7
37.Na4 Qxa2 38.Nxc5 a5 39.Ne4 a4 40.Nxf6+ gxf6 41.Qd3+ Kg7 42.bxa4 Qxa4 43.Qd4 Kg6
44.h4 Qc2 45.c5 f5 46.Qh8 Qe4+ 47.Kh2 Qe2 48.Qg8+ Kh6 49.Qg5+ Kh7 50.Qe3 Qc4
51.Kg1 f6 52.Qd2 Qxc5 53.Qd7+ Kg6 54.Qxe6 Qc1+ 55.Kg2 Qc2 56.Qe8+ Kh6 57.h5 f4
58.gxf4 Qh7 59.Qf8+ Kxh5 60.Qxf6 Qe4+ 61.Kh2 Qd5 62.Qg5+  1-0

[Event "25th Belgrade Trophy"]
[Site "Obrenovac SRB"]
[Date "2011.11.29"]
[Round "6.1"]
[White "Damljanovic,B"]
[Black "Filip,L"]
[Result "1/2-1/2"]
[WhiteElo "2597"]
[BlackElo "2471"]

1.d4 Nf6 2.Nf3 e6 3.c4 b6 4.Nc3 Bb7 5.Bg5 Be7 6.e3 h6 7.Bxf6 Bxf6 8.Bd3 c5
9.Be4 d5 10.cxd5 exd5 11.Bc2 O-O 12.O-O Nc6 13.dxc5 d4 14.Ne4 Ba6 15.Bd3 Bxd3
16.Qxd3 dxe3 17.Qxe3 Bxb2 18.Rad1 Qe7 19.Rb1 Ne5 20.Nfd2 Ng4 21.Qf4 Ne5 22.Qe3 Ng4
23.Qe2 f5 24.Rxb2 Qe5 25.Nf3 Qxe4 26.cxb6 Qxe2 27.Rxe2 axb6 28.Rb1 Ra6 29.Nd4 Ra4
30.Ne6 Rfa8 31.h3 Nf6 32.Rxb6 Rxa2 33.Rxa2 Rxa2 34.Rb7 Ne8 35.Re7 Ra8 36.h4 g6
37.f3 Kh8 38.Kh2 Nf6 39.Nf4 g5 40.Ng6+ Kg8 41.Rb7  1/2-1/2

[Event "2nd JAHV McGregor Open"]
[Site "Bogota COL"]
[Date "2011.12.09"]
[Round "7"]
[White "Verastegui,Fernando"]
[Black "Romo,David"]
[Result "0-1"]
[WhiteElo "2114"]
[BlackElo "1984"]

1.d4 Nf6 2.c4 e6 3.Nf3 b6 4.Nc3 Bb4 5.Bg5 O-O 6.Rc1 h6 7.Bxf6 Qxf6 8.e4 Bxc3+
9.Rxc3 d6 10.e5 Qe7 11.Bd3 Bb7 12.Bb1 f5 13.h4 Nd7 14.Re3 dxe5 15.Nxe5 Nxe5
16.Rxe5 Qb4+ 17.Qd2 Qxc4 18.b3 Qc6 19.f3 Rad8 20.Qe3 Rxd4 21.O-O Rxh4 22.Rxe6 Qd5
23.Bd3 f4 24.Qe1 Qc5+ 25.Rf2 Qh5 26.Rf1 Rh1+ 27.Kf2 Qc5+ 28.Ke2 Rh2 29.Qf2 Qc3
30.Rd1 Rd8 31.Qf1 Rxd3 32.Rxd3 Ba6 33.Re8+ Kh7 34.Rd8 Qc2+ 35.Ke1 Rxg2 36.Rd1 Bxf1  0-1

[Event "2nd JAHV McGregor Open"]
[Site "Bogota COL"]
[Date "2011.12.11"]
[Round "10"]
[White "Franco,W"]
[Black "Hernandez,Ja"]
[Result "1-0"]
[WhiteElo "2089"]
[BlackElo "2265"]

1.d4 Nf6 2.c4 e6 3.Nf3 b6 4.Nc3 Bb4 5.Qc2 Bb7 6.a3 Bxc3+ 7.Qxc3 O-O 8.Bg5 d6
9.e3 Nbd7 10.Bd3 Re8 11.O-O Qe7 12.Rfe1 a5 13.e4 e5 14.d5 Nc5 15.Bc2 a4 16.Rac1 h6
17.Bd2 Bc8 18.h3 Nh5 19.Be3 Nb7 20.Qd2 Qf6 21.Nh2 Nf4 22.Kh1 Bd7 23.f3 g5
24.Ng4 Qg6 25.Nf2 Nc5 26.Kh2 Qh5 27.Ng4 Qg6 28.Bf2 h5 29.Ne3 g4 30.fxg4 hxg4
31.hxg4 Nxe4 32.Bxe4 Qxe4 33.Rc3 Bxg4 34.Bh4 Bd7 35.Ng4 Qg6 36.Nf6+ Kh8 37.Rh1 Rg8
38.g3 Qh6 39.Nxd7 Rg4 40.Kg1 Kg8 41.Nf6+ Kf8 42.Nxg4 Nh3+ 43.Rxh3 Qxd2 44.Bf6 Ke8
45.Rh8+ Kd7 46.Rxa8 c5 47.Ra7+ Kc8 48.Rf3 Qd1+ 49.Kg2 Qe2+ 50.Nf2 e4 51.Rf4 e3
52.Re7 Qc2 53.Rxe3 Kb7 54.Bc3 f5 55.Re7+ Ka6 56.Rd7 Qb1 57.Rxd6 Qc2 58.Rf6 Qe2
59.R6xf5 Kb7 60.Re5 Qc2 61.Rf7+ Ka6 62.Ree7  1-0

[Event "XXII Cajacanarias Christmas"]
[Site "Santa Cruz de Tenerife ESP"]
[Date "2011.12.19"]
[Round "2"]
[White "Kraus,Ol"]
[Black "Kurajica,B"]
[Result "0-1"]
[WhiteElo "2051"]
[BlackElo "2532"]

1.d4 Nf6 2.c4 e6 3.Nf3 b6 4.Nc3 Bb4 5.Bg5 Bb7 6.Nd2 Bxc3 7.bxc3 d6 8.f3 h6
9.Bh4 e5 10.e4 Nbd7 11.Bd3 Qe7 12.Nf1 g5 13.Bf2 Nh5 14.Ne3 Ng7 15.Qa4 c6
16.h4 f6 17.Kd2 h5 18.Rab1 Kd8 19.Qc2 Kc7 20.a4 a5 21.Qb2 Rab8 22.Qa3 Ba8
23.Rb2 Qf8 24.Rhb1 Ne6 25.Nf5 gxh4 26.c5 dxc5 27.Qa2 Qg8 28.Bf1 cxd4 29.cxd4 Nxd4
30.Nxd4 exd4 31.Bxd4 Qxa2 32.Rxa2 Ne5 33.Ke3 Rhg8 34.Bc3 c5 35.Be1 Rbe8 36.Bxh4 f5
37.Rab2 fxe4 38.fxe4 Rg4 39.Bf6 Bxe4 40.Re1 Nd7 41.Bc3 Bxg2+  0-1

[Event "XXII Cajacanarias Christmas"]
[Site "Santa Cruz de Tenerife ESP"]
[Date "2011.12.20"]
[Round "3"]
[White "Ruiz Yanes,J"]
[Black "Gonzalez Garcia,Zoilo"]
[Result "0-1"]
[WhiteElo "1494"]
[BlackElo "1675"]

1.d4 Nf6 2.c4 e6 3.Nf3 b6 4.Nc3 Bb4 5.Qc2 O-O 6.e3 d5 7.Bd2 Bb7 8.Bd3 h6
9.O-O-O Nbd7 10.h3 c5 11.Ne5 dxc4 12.Bxc4 cxd4 13.exd4 Bxc3 14.Bxc3 Rc8 15.Qe2 Nd5
16.Bd2 Nxe5 17.dxe5 b5 18.Bxh6 gxh6 19.Qg4+ Qg5+ 20.Qxg5+ hxg5 21.h4 Rxc4+
22.Kb1 Rxh4 23.Rxh4 gxh4 24.Rh1 Kg7 25.Rxh4 Rh8 26.Rg4+ Kf8 27.f4 Rh1+ 28.Kc2 Ne3+  0-1

[Event "Northern California International"]
[Site "Fremont USA"]
[Date "2012.01.03"]
[Round "3"]
[White "Ni,V"]
[Black "Viswanadha,Kesav"]
[Result "1-0"]
[WhiteElo "2225"]
[BlackElo "1987"]

1.d4 Nf6 2.c4 e6 3.Nf3 b6 4.Nc3 Bb7 5.e3 d5 6.Bd3 c5 7.cxd5 Nxd5 8.O-O cxd4
9.Nxd5 Qxd5 10.e4 Qh5 11.Qa4+ Bc6 12.Qxd4 Qc5 13.Be3 Qxd4 14.Bxd4 Nd7 15.Rac1 Nc5
16.Bxc5 bxc5 17.Ne5 Bd7 18.Rfd1 f6 19.Nxd7 Kxd7 20.Bb5+ Kc7 21.Rd7+ Kb6 22.Bc4 Kc6
23.Rcd1 Rb8 24.b3 Rb7 25.Rd8 Re7 26.Ra8 Kc7 27.Rdd8 Rd7 28.Rdc8+ Kd6 29.Rxf8 Rxf8
30.Rxf8 Ke7 31.Ra8  1-0

[Event "Cracovia Open A"]
[Site "Krakow POL"]
[Date "2012.01.04"]
[Round "9.3"]
[White "Malaniuk,V"]
[Black "Gavrilov,Al1"]
[Result "0-1"]
[WhiteElo "2504"]
[BlackElo "2498"]

1.d4 Nf6 2.c4 e6 3.Nf3 b6 4.Nc3 Bb7 5.e3 d5 6.cxd5 exd5 7.Bb5+ c6 8.Bd3 Be7
9.O-O Nbd7 10.b3 O-O 11.Bb2 Re8 12.Ne2 Bf8 13.Ng3 Rc8 14.Qe2 g6 15.Rac1 Rc7
16.Ba6 Bxa6 17.Qxa6 Qc8 18.Qd3 Ne4 19.Rc2 Bg7 20.Rfc1 Qb7 21.Qe2 f5 22.Qd1 Rcc8
23.Ne1 a5 24.Nd3 Nf8 25.Ne2 Ne6 26.Nef4 g5 27.Nh5 Bh8 28.f3 Nd6 29.Ne5 c5
30.Qd2 Nf7 31.Qd3 Nh6 32.h3 Rf8 33.Qb5 Nf7 34.Qd3 Nd6 35.g4 f4 36.exf4 gxf4
37.Qd2 cxd4 38.Rxc8  0-1

[Event "TCh-NED Meesterklasse 2011-12"]
[Site "Netherlands NED"]
[Date "2012.01.07"]
[Round "5.10"]
[White "Van de Griendt,JW"]
[Black "Nagel,Y"]
[Result "1-0"]
[WhiteElo "2330"]
[BlackElo "1981"]

1.d4 Nf6 2.c4 e6 3.Nf3 b6 4.Nc3 Bb7 5.a3 Be7 6.d5 O-O 7.g3 exd5 8.cxd5 Re8
9.Bg2 d6 10.Nd4 Nbd7 11.O-O a6 12.b4 b5 13.a4 bxa4 14.Qxa4 Nb6 15.Qb3 Qd7
16.h3 h6 17.Ra5 Bf8 18.Bb2 g6 19.Rfa1 Bg7 20.e3 Nh5 21.Nce2 Nf6 22.Rc1 Ne4
23.Nf4 Nf6 24.h4 g5 25.hxg5 hxg5 26.Nde6 fxe6 27.dxe6 Qe7 28.Rxg5 Bxg2 29.Kxg2 Rac8
30.Rh1 d5 31.Nh5 Nxh5 32.Rhxh5 Qxg5 33.Rxg5 Re7 34.Qc3  1-0

[Event "37th Seville Open"]
[Site "Seville ESP"]
[Date "2012.01.13"]
[Round "7"]
[White "Svetushkin,D"]
[Black "Pogorelov,R"]
[Result "1-0"]
[WhiteElo "2598"]
[BlackElo "2415"]

1.d4 Nf6 2.c4 e6 3.Nf3 b6 4.Nc3 Bb4 5.Bg5 Bb7 6.Nd2 h6 7.Bh4 Bxc3 8.bxc3 d6
9.f3 Nbd7 10.e4 Qe7 11.c5 g5 12.cxd6 cxd6 13.Bf2 Kf8 14.Bd3 Kg7 15.Qe2 Nf8
16.O-O Ng6 17.g3 Rac8 18.Rac1 h5 19.Be3 Nd7 20.f4 gxf4 21.Bxf4 e5 22.Be3 h4
23.g4 exd4 24.cxd4 Rxc1 25.Rxc1 Rc8 26.Rxc8 Bxc8 27.h3 Bb7 28.Nf3 f6 29.Bd2 Ndf8
30.Qe3 Kf7 31.Be1 d5 32.e5 fxe5 33.Nxe5+ Nxe5 34.dxe5 Qc5 35.Qxc5 bxc5 36.Bxh4 Ne6
37.g5 Nf4 38.Bf5 d4 39.e6+ Kg8 40.Bg3 Ne2+ 41.Kf2 Nxg3 42.Kxg3 Bd5 43.Kf4 Bxa2
44.Ke5 Bc4 45.Kf6 Bb5 46.e7 Be8 47.g6  1-0

[Event "TCh-SVK Extraliga 2011-12"]
[Site "Slovakia SVK"]
[Date "2012.01.14"]
[Round "5"]
[White "Lisko,F"]
[Black "Debnar,L"]
[Result "1/2-1/2"]
[WhiteElo "2311"]
[BlackElo "2266"]

1.d4 Nf6 2.c4 e6 3.Nf3 b6 4.Nc3 Bb7 5.Bg5 Bb4 6.e3 h6 7.Bh4 g5 8.Bg3 Ne4
9.Qc2 f5 10.Bd3 Bxc3+ 11.bxc3 d6 12.d5 Na6 13.Nd4 Nac5 14.O-O Qf6 15.Bxe4 fxe4
16.f3 O-O-O 17.fxe4 Qg6 18.e5 Qxc2 19.Nxc2 exd5 20.exd6 cxd6 21.cxd5 Bxd5
22.Nd4 Bc4  1/2-1/2

[Event "10th Parsvnath Open"]
[Site "New Delhi IND"]
[Date "2012.01.22"]
[Round "10.9"]
[White "Swapnil,SD"]
[Black "Kravtsiv,M"]
[Result "0-1"]
[WhiteElo "2435"]
[BlackElo "2602"]

1.d4 Nf6 2.c4 e6 3.Nf3 b6 4.Nc3 Bb7 5.a3 d5 6.Bg5 Be7 7.Qa4+ c6 8.Bxf6 Bxf6
9.cxd5 exd5 10.g3 O-O 11.Bg2 c5 12.O-O Bc6 13.Qd1 Re8 14.Re1 Nd7 15.e3 a6
16.Rc1 Rc8 17.b4 g6 18.dxc5 bxc5 19.Na4 cxb4 20.axb4 Bb5 21.Qb3 Bc4 22.Qa3 a5
23.bxa5 Qxa5 24.Bh3 Nc5 25.Bxc8 Rxc8 26.Ra1 Bxa1 27.Rxa1 Ra8 28.Nxc5 Qxa3
29.Rxa3 Rxa3 30.Nd4 Kf8 31.Nd7+ Ke7 32.Ne5 f6 33.Nec6+ Kd6 34.Kg2 Ra2 35.g4 Rb2
36.h4 Rb6 37.Nd8 Ke7 38.N8c6+ Kd7 39.Na5 Kc7 40.Kg3 Ra6 41.Nab3 Bxb3 42.Nxb3 Kd6
43.Nd4 Ke5 44.Kf3 h5 45.gxh5 gxh5 46.Kg3 Ra4 47.Ne2 Rg4+ 48.Kh3 f5 49.Ng3 Rxg3+
50.Kxg3 Ke4 51.Kg2 f4 52.exf4 Kxf4 53.f3 Ke3  0-1

[Event "Gibraltar Open"]
[Site "Caleta ENG"]
[Date "2012.01.27"]
[Round "4.66"]
[White "Pavlovic,Milos"]
[Black "Spence,D"]
[Result "1-0"]
[WhiteElo "2531"]
[BlackElo "2213"]

1.Nf3 Nf6 2.d4 e6 3.c4 b6 4.Nc3 Bb4 5.e3 Bxc3+ 6.bxc3 c5 7.Bd3 Nc6 8.e4 d6
9.Bf4 cxd4 10.cxd4 Nxd4 11.Nxd4 e5 12.Bg3 exd4 13.Bc2 O-O 14.Qxd4 Ba6 15.O-O Rc8
16.Bb3 Re8 17.f3 Rc6 18.Rfd1 Qc8 19.Rac1 Re6 20.c5 bxc5 21.Bxe6 fxe6 22.Qd2 e5
23.Bh4 Ne8 24.Qd5+ Kh8 25.Qf7 h6 26.f4 c4 27.fxe5 c3 28.exd6 Nxd6 29.Qe7 Nb7
30.Rd7 Rg6 31.Bf2 Qc4 32.Qf8+ Kh7 33.Qf5 Qxa2 34.h4 Qb2 35.Rxg7+  1-0

[Event "Gibraltar Open"]
[Site "Caleta ENG"]
[Date "2012.01.28"]
[Round "5.18"]
[White "Herman,J"]
[Black "David,Alb"]
[Result "0-1"]
[WhiteElo "2077"]
[BlackElo "2598"]

1.d4 Nf6 2.c4 e6 3.Nf3 b6 4.Nc3 Bb7 5.Bg5 Bb4 6.Nd2 h6 7.Bh4 Bxc3 8.bxc3 d6
9.f3 Nc6 10.e3 Qe7 11.Bd3 O-O-O 12.Qe2 g5 13.Bf2 Nd7 14.a4 a5 15.Rb1 f5 16.Nb3 Rhg8
17.Kd2 Rdf8 18.e4 g4 19.exf5 gxf3 20.gxf3 exf5 21.Rhg1 Qf7 22.Rxg8 Rxg8 23.Rg1 Re8
24.Qd1 Ba6 25.Qf1 Ne7 26.Kc2 Ng6 27.c5 Bxd3+ 28.Qxd3 Nb8 29.cxb6 Nf4 30.b7+ Kd7
31.Rg7 Qxg7 32.Qxf5+ Re6 33.d5 Nxd5 34.Nd4 Qg6  0-1

[Event "Moscow Open 2012 A"]
[Site "Moscow RUS"]
[Date "2012.01.28"]
[Round "1.65"]
[White "Chernyuk,Mikhail"]
[Black "Nozdrachev,V"]
[Result "0-1"]
[WhiteElo "2224"]
[BlackElo "2463"]

1.d4 Nf6 2.c4 e6 3.Nf3 b6 4.Nc3 Bb4 5.Qc2 Bb7 6.a3 Bxc3+ 7.Qxc3 Ne4 8.Qc2 a5
9.b3 O-O 10.g3 f5 11.Bg2 Nf6 12.O-O Be4 13.Qc3 d6 14.Bb2 Nbd7 15.Ne1 Bxg2
16.Nxg2 Qe7 17.Qc2 c5 18.Rad1 cxd4 19.Rxd4 Rac8 20.Ne3 Ne5 21.f3 b5 22.Qd2 bxc4
23.Nxc4 Nxc4 24.bxc4 Qa7 25.Kg2 d5 26.cxd5 Nxd5 27.Rc1 Qb7 28.e4 fxe4 29.Rxe4 Qb3
30.f4 Rfd8 31.Rxc8 Rxc8 32.Re2 a4 33.Qd4 Nf6 34.Kh3 Qf3 35.Qe3 Qg4+ 36.Kg2 Nd5
37.Qxe6+ Qxe6 38.Rxe6 Rc2+ 39.Kh3 Rxb2 40.Ra6 Nc3 41.Ra8+ Kf7 42.Ra7+ Kf6
43.g4 h6 44.Ra6+ Kf7 45.Ra7+ Kg8 46.g5 Kh7 47.f5 hxg5 48.f6 Ne4 49.fxg7 Nf6
50.Rxa4 Kxg7 51.Rb4 Rc2 52.Rb3 Kg6 53.Re3 Rxh2+  0-1

[Event "17th HIT Open A"]
[Site "Nova Gorica SLO"]
[Date "2012.01.28"]
[Round "2"]
[White "Nardin,F"]
[Black "Omerzel,N"]
[Result "1-0"]
[WhiteElo "1916"]
[BlackElo "1702"]

1.d4 e6 2.c4 Nf6 3.Nf3 b6 4.Nc3 Be7 5.e4 Bb7 6.Bd3 O-O 7.Qe2 h6 8.a3 d6 9.h3 Nbd7
10.Be3 Nh7 11.O-O-O e5 12.h4 Nhf6 13.Nh2 Bc8 14.g4 Nh7 15.Nf3 a5 16.Nd5 c6
17.Nxe7+ Qxe7 18.Qd2 Ndf6 19.g5 Ng4 20.gxh6 Nxe3 21.hxg7 Rd8 22.Qxe3 Qf6
23.Rdg1 Qf4 24.Ng5 Qxe3+ 25.fxe3 Ba6 26.Nxh7 Kxh7 27.Rg5 f6 28.Rh5+ Kxg7
29.Rg1+ Kf7 30.Rh7+ Kf8 31.d5 c5 32.Be2 Bc8 33.Rh8+  1-0

[Event "ch-TUR 2012"]
[Site "Kemer TUR"]
[Date "2012.01.31"]
[Round "4"]
[White "Fazla,O"]
[Black "Tulay,B"]
[Result "0-1"]
[WhiteElo "1835"]
[BlackElo "2128"]

1.Nf3 Nf6 2.c4 e6 3.d4 b6 4.Nc3 Bb7 5.e3 Bb4 6.Bd2 O-O 7.Bd3 Bxc3 8.Bxc3 Ne4
9.Qc2 f5 10.h4 d6 11.O-O-O Nd7 12.Bxe4 Bxe4 13.Qe2 Bb7 14.d5 exd5 15.cxd5 Qe7
16.Ng5 Nf6 17.Ne6 Rfe8 18.Nf4 Qf7 19.Bxf6 Qxf6 20.Kb1 Re5 21.Qc4 Qf7 22.Rd4 Rae8
23.Rc1 R8e7 24.Rcd1 Re4 25.Qa4 a6 26.Qb3 Rxd4 27.Rxd4 Re5 28.Qd3 g6 29.Qc4 h6
30.a4 g5 31.hxg5 hxg5 32.Nh3 Bxd5 33.Qxa6 Be4+ 34.Ka1 Rc5 35.b3 Qxb3 36.Qc8+ Kg7
37.Qd7+ Kh6 38.Rxd6+ cxd6 39.Qxd6+ Kh5 40.g4+ fxg4 41.Nf4+ gxf4  0-1

[Event "Moscow Open Women 2012"]
[Site "Moscow RUS"]
[Date "2012.01.31"]
[Round "4"]
[White "Romanko,M"]
[Black "Avdeenko,T"]
[Result "1-0"]
[WhiteElo "2389"]
[BlackElo "2203"]

1.d4 Nf6 2.c4 e6 3.Nf3 b6 4.Nc3 Bb7 5.Bg5 Bb4 6.Nd2 h6 7.Bh4 Be7 8.e3 O-O
9.Bg3 d5 10.Be2 Nbd7 11.O-O Bd6 12.Bxd6 cxd6 13.Bf3 a6 14.cxd5 Nxd5 15.Nxd5 exd5
16.Qb3 Nf6 17.Rfc1 Re8 18.Rc2 b5 19.Rac1 Re7 20.h3 Qa5 21.a3 Qb6 22.Nb1 Qd8
23.Nc3 Rc7 24.Nxd5 Bxd5 25.Bxd5 Nxd5 26.Qxd5 Rac8 27.Rxc7 Rxc7 28.Rc6 Qc8
29.Rxd6 Rc1+ 30.Kh2 Qc7 31.f4 Qe7 32.Rxa6  1-0

[Event "Moscow Open 2012 A"]
[Site "Moscow RUS"]
[Date "2012.01.31"]
[Round "4.58"]
[White "Dobrov,V"]
[Black "Makhmutov,R"]
[Result "0-1"]
[WhiteElo "2496"]
[BlackElo "2315"]

1.d4 Nf6 2.c4 e6 3.Nf3 b6 4.Nc3 Bb7 5.a3 d5 6.Bg5 Be7 7.Qa4+ Bc6 8.Qb3 dxc4
9.Qxc4 a6 10.Bxf6 Bxf6 11.e4 O-O 12.Rd1 b5 13.Qb3 Bb7 14.e5 Be7 15.d5 exd5
16.Nxd5 Bxd5 17.Rxd5 Qc8 18.Be2 Nd7 19.O-O c6 20.Rd2 Nc5 21.Qc2 Ne6 22.Bd3 g6
23.Be4 Nc5 24.Nd4 Nxe4 25.Nxc6 Qxc6 26.Qxc6 Nxd2 27.Rd1 Rad8 28.g3 b4 29.a4 b3
30.Kg2 a5 31.h4 Bb4 32.h5 Rfe8 33.hxg6 hxg6 34.Rh1 Bf8 35.Qc7 Rd5 36.f4 Ne4
37.Kf3 Nc5 38.Kg4 Rd3 39.Qc6 Red8 40.Rc1 Ne6 41.Rc3 Nd4 42.Qb6 Ne2 43.Rxb3 Bb4
44.e6 f5+ 45.Kg5 Be7+ 46.Kxg6 R3d6 47.Qb7 Rxe6+ 48.Kxf5 Nd4+ 49.Kg4 Rg6+
50.Kh5 Kf7  0-1

[Event "17th HIT Open A"]
[Site "Nova Gorica SLO"]
[Date "2012.02.01"]
[Round "8"]
[White "Leonardi,Caterina"]
[Black "Hrenic,M"]
[Result "0-1"]
[WhiteElo "1811"]
[BlackElo "2077"]

1.d4 Nf6 2.c4 e6 3.Nf3 b6 4.Nc3 Bb4 5.Bg5 h6 6.Bh4 g5 7.Bg3 Ne4 8.Qc2 Bxc3+
9.bxc3 Bb7 10.e3 d6 11.Rd1 f5 12.Bd3 Qf6 13.c5 bxc5 14.dxc5 Nxc5 15.Bb5+ Nbd7
16.O-O Bxf3 17.Bxd7+ Kxd7 18.gxf3 f4  0-1

[Event "TCh-CAT 2012"]
[Site "Catalunya ESP"]
[Date "2012.02.04"]
[Round "2.3"]
[White "Jose Abril,R"]
[Black "Fluvia Poyatos,Joa"]
[Result "1/2-1/2"]
[WhiteElo "2355"]
[BlackElo "2490"]

1.d4 Nf6 2.c4 e6 3.Nf3 b6 4.Nc3 Bb4 5.Bg5 h6 6.Bh4 g5 7.Bg3 Ne4 8.Qc2 Bb7
9.e3 Bxc3+ 10.bxc3 d6 11.Bd3 Nxg3 12.fxg3 Nd7 13.O-O Qe7 14.h4 O-O-O 15.a4 a5
16.Be4 Bxe4 17.Qxe4 f5 18.Qa8+ Nb8 19.c5 Qd7 20.Rfb1 dxc5 21.dxc5 Qc6 22.Qxc6 Nxc6
23.cxb6 gxh4 24.gxh4 Rd3 25.Kf2 cxb6 26.Rxb6 Rxc3 27.Nd4 Nxd4 28.exd4 Rd8
29.Rxe6 Rxd4 30.Rxh6 Rc2+ 31.Kf3 Rc3+ 32.Ke2 Rg4 33.Kf1 Rc2 34.Re1 Rxa4 35.Rh7 Kd8
36.Rb1 Kc8 37.Re1 Kd8 38.Rb1  1/2-1/2

[Event "Moscow Open 2012 A"]
[Site "Moscow RUS"]
[Date "2012.02.04"]
[Round "8.67"]
[White "Palachev,P"]
[Black "Glidzhain,G"]
[Result "1/2-1/2"]
[WhiteElo "2287"]
[BlackElo "2381"]

1.d4 Nf6 2.c4 e6 3.Nc3 b6 4.Nf3 Bb7 5.Bg5 Be7 6.e3 h6 7.Bh4 d6 8.Bd3 Nbd7
9.O-O g5 10.Bg3 h5 11.d5 e5 12.h4 gxh4 13.Nxh4 Nxd5 14.Nxd5 Bxh4 15.Nxc7+ Qxc7
16.Bxh4 Rg8 17.f3 Nc5 18.Bf5 Ne6 19.Bf6 Qc5 20.Rf2 Kd7 21.Qd3 Rg3 22.b4 e4
23.Bxe4 Bxe4 24.Qxe4 Qc6 25.Qh7 Rf8 26.Qxh5 Qxc4 27.Rd1 Rg6 28.Qe5 Qxb4 29.Rfd2 Kc8
30.Rxd6 Rfg8 31.Rc6+ Kb7 32.Rc2 Ka6 33.Rb2 Qc4 34.Qf5 Rxg2+ 35.Rxg2 Rxg2+
36.Kxg2 Qe2+ 37.Kh3 Qxd1 38.Qe4 Qd7 39.Kg3 Nc5 40.Qe7 Qd5 41.Bd4 Nd7 42.a3 Kb5
43.Qb4+ Kc6 44.Qa4+ Kb7 45.Qb4 a5 46.Qe7 b5 47.Kf4 Kc7 48.Kg3 Kc6 49.Qd8 b4
50.axb4 axb4 51.Qa8+ Kd6 52.Qxd5+ Kxd5 53.Kf2 b3 54.Ke2 Kc4 55.Kd2 Nf8 56.Be5 Ne6
57.Bf6 Nc7 58.e4 Nb5 59.Bb2 Nc7 60.f4 Ne6 61.f5 Nc5 62.e5  1/2-1/2

[Event "ch-Central Serbia 2012"]
[Site "Pozarevac SRB"]
[Date "2012.02.13"]
[Round "1.1"]
[White "Arsenijevic,I"]
[Black "Savic,Miod1"]
[Result "0-1"]
[WhiteElo "2172"]
[BlackElo "2535"]

1.d4 Nf6 2.Nf3 e6 3.c4 b6 4.Nc3 Bb7 5.Bg5 Be7 6.e3 h6 7.Bh4 Ne4 8.Bxe7 Qxe7
9.Nxe4 Bxe4 10.a3 d6 11.Bd3 Bb7 12.Qc2 Nd7 13.Be4 c6 14.Qa4 b5 15.Qb3 Nf6
16.Bd3 O-O 17.Qc3 bxc4 18.Bxc4 Ne4 19.Qc2 c5 20.dxc5 Nxc5 21.Qe2 d5 22.Bb5 a6
23.Bd3 e5 24.Bc2 a5 25.Qd2 d4 26.b4 axb4 27.Rb1  0-1

[Event "ch-Central Serbia w 2012"]
[Site "Pozarevac SRB"]
[Date "2012.02.15"]
[Round "3.2"]
[White "Rakic,Te"]
[Black "Panic,A"]
[Result "1-0"]
[WhiteElo "1805"]
[BlackElo "1928"]

1.d4 Nf6 2.c4 e6 3.Nf3 b6 4.Nc3 Bb4 5.g3 Bxc3+ 6.bxc3 Bb7 7.Bg2 O-O 8.O-O d6
9.Nd2 Bxg2 10.Kxg2 Nbd7 11.e4 e5 12.Qc2 Re8 13.a4 Nf8 14.Ba3 Ne6 15.d5 Nf8
16.a5 Ng6 17.Nb3 h6 18.f3 Ne7 19.Nc1 Qd7 20.Nd3 Ng6 21.Bc1 Kh7 22.Be3 Kh8
23.Ra3 Qe7 24.Rfa1 Qf8 25.Qa2 Rac8 26.Nb4 Ne7 27.Qb1 Nd7 28.g4 Nb8 29.h4 g6
30.axb6 axb6 31.g5 h5 32.Qe1 Kh7 33.Ra7 Red8 34.Rb7 Qe8 35.Raa7 Rd7 36.Qa1 Kg8
37.Na6 Nxa6 38.Qxa6 Qf8 39.Bxb6 f6 40.Be3 f5 41.c5 fxe4 42.fxe4 dxc5 43.Qe6+  1-0

[Event "TCh-CZE Extraliga 2011-12"]
[Site "Czech Republic CZE"]
[Date "2012.03.03"]
[Round "7.6"]
[White "Sodoma,J"]
[Black "Palecek,P"]
[Result "1/2-1/2"]
[WhiteElo "2380"]
[BlackElo "2227"]

1.d4 Nf6 2.c4 e6 3.Nf3 b6 4.Nc3 Bb7 5.Bg5 h6 6.Bh4 Bb4 7.Qc2 g5 8.Bg3 Ne4
9.e3 Bxc3+ 10.bxc3 d6 11.Bd3 Nxg3 12.hxg3 Nd7 13.g4 Qe7 14.e4 e5 15.d5 Nc5
16.Nd2 Bc8 17.Be2 Bd7 18.Nf1 O-O-O 19.Ng3 Rdg8 20.Rh3 Kb8 21.Kf1 Qf6 22.Nh5 Qg6
23.Re3 Rf8 24.Kg1 f6 25.Re1 Qh7 26.Bd1 Qe7 27.Rh3 Qe8 28.Kh2 Qc8 29.Qe2 Be8
30.Ng3 Bg6 31.Bc2 Rh7 32.Rh1 Rfh8 33.Kg1 Qf8 34.Bd1 Kb7 35.Qc2 Qf7 36.Bf3 Kb8
37.Qe2 Qf8 38.Nf1 Be8 39.g3 Bg6 40.Nd2 Qe8 41.Nb3 Nb7 42.Kg2 Qa4 43.Rb1  1/2-1/2

[Event "TCh-LTU 2012"]
[Site "Lithuania LTU"]
[Date "2012.03.03"]
[Round "6"]
[White "Mikenas,Laimutis"]
[Black "Grybas,G"]
[Result "0-1"]
[WhiteElo "1954"]
[BlackElo "2060"]

1.c4 Nf6 2.Nc3 e6 3.d4 b6 4.Nf3 Bb7 5.g3 Bb4 6.Bd2 O-O 7.Bg2 d6 8.O-O Nbd7
9.a3 Bxc3 10.Bxc3 c5 11.b3 Qe7 12.e3 a5 13.dxc5 dxc5 14.a4 Ne4 15.Bb2 f5
16.Nd2 Ndf6 17.Nxe4 Nxe4 18.Qc2 Rad8 19.Rad1 Rxd1 20.Rxd1 Rd8 21.Rd3 Kf7
22.Qd1 Rxd3 23.Qxd3 Ke8 24.Qd1 g6 25.Bxe4 Bxe4 26.Be5 Qd7 27.Qe2 Kd8 28.f3 Bb1
29.Kf2 Qd3 30.Qxd3+ Bxd3 31.Ke1 Bc2 32.b4 cxb4 33.Kd2 Bxa4 34.Bd4 Kc7 35.c5 bxc5
36.Bxc5 Bc6 37.f4 Be4 38.Kc1 Kc6 39.Be7 Kb5 40.Kb2 a4 41.h3 a3+ 42.Kb3 Bd5+
43.Kc2 Ka4 44.g4 b3+ 45.Kc3 b2 46.Kc2 Be4+  0-1

[Event "2nd HD Bank Cup 2012"]
[Site "Ho Chi Minh City VIE"]
[Date "2012.03.07"]
[Round "9.4"]
[White "Xiu Deshun"]
[Black "Nolte,R"]
[Result "1-0"]
[WhiteElo "2492"]
[BlackElo "2456"]

1.d4 Nf6 2.c4 e6 3.Nf3 b6 4.Nc3 Bb7 5.a3 d5 6.cxd5 Nxd5 7.Bd2 Be7 8.Qc2 O-O
9.e4 Nxc3 10.Bxc3 Nd7 11.Rd1 Qc8 12.Bc4 Ba6 13.Qe2 Bxc4 14.Qxc4 Qb7 15.d5 exd5
16.exd5 Bf6 17.O-O Bxc3 18.bxc3 Rad8 19.Qf4 Nc5 20.c4 c6 21.dxc6 Qxc6 22.Rxd8 Rxd8
23.Qxf7+ Kxf7 24.Ne5+ Kf6 25.Nxc6 Rd7 26.g3 a5 27.Re1 Rd3 28.Ne7 Rxa3 29.Nd5+ Kg6
30.Nxb6 Rb3 31.Nc8 a4 32.Nd6 Rb2 33.Re3 Rb3 34.Re7 Rd3 35.Nb5 Rd1+ 36.Kg2 Rc1
37.Rc7 Rxc4 38.Rc6+ Kh5 39.h3 Rc1 40.Nd6 Rc3 41.g4+ Kh4 42.Nf5+  1-0